Experience with populations. (Record no. 33406)

MARC details
000 -LEADER
fixed length control field 00346nam a2200133Ia 4500
082 ## - DEWEY DECIMAL CLASSIFICATION NUMBER
Classification number 575.857
Item number MUR
100 ## - MAIN ENTRY--AUTHOR NAME
Personal name BOND, James A
245 #0 - TITLE STATEMENT
Title Experience with populations.
260 ## - PUBLICATION, DISTRIBUTION, ETC. (IMPRINT)
Place of publication London
Name of publisher Addison Wesley
Year of publication 1971
650 ## - SUBJECT ADDED ENTRY--TOPICAL TERM
Topical Term Population genetics
700 ## - ADDED ENTRY--PERSONAL NAME
Personal name MURRAY, Darrel L
942 ## - ADDED ENTRY ELEMENTS (KOHA)
Koha item type Books
Holdings
Withdrawn status Lost status Damaged status Not for loan Home library Current library Date acquired Full call number Accession Number Koha item type
        RRII Library RRII Library 16/12/2021 575.857 MUR 13904 Books